KOHA-Header-6

Uprising in Indian-held Jammu & Kashmir (Record no. 13645)

000 -LEADER
fixed length control field 00357nam a22001337a 4500
020 ## - INTERNATIONAL STANDARD BOOK NUMBER
ISBN 969-8020-03-9
082 ## - DEWEY DECIMAL CLASSIFICATION NUMBER
Classification number 327.54
Item number AKH
100 ## - MAIN ENTRY--AUTHOR NAME
Personal name Shaheen Akhtar
245 ## - TITLE STATEMENT
Title Uprising in Indian-held Jammu & Kashmir
260 ## - PUBLICATION, DISTRIBUTION, ETC. (IMPRINT)
Place of publication Islamabad
Name of publisher Institute of Regional Studies
Year of publication 1991
300 ## - PHYSICAL DESCRIPTION
Number of Pages 120 Pages
650 ## - SUBJECT ADDED ENTRY--TOPICAL TERM
Topical Term Jammu & Kashmir, India, Pakistan
942 ## - ADDED ENTRY ELEMENTS (KOHA)
Koha item type Books
Holdings
Withdrawn status Lost status Collection code Permanent Location Current Location Shelving location Date acquired Full call number Accession Number Koha item type
    Pakistan Studies / History MAJU MAJU Shelf No.A30 2023-01-05 327.54 AKH 10735 Books

Powered by Koha